<The> Beta-convergence anlysis and regional disparities in EU-28

Analýza beta --konvergencií v Európskej únii (EÚ-28) so zámerom poukázať na regionálne rozdiely v príjmoch.

Salvato in:
Dettagli Bibliografici
Autore principale: Simionescu, Mihaela
Natura: Capitolo di libro
Lingua:inglese
Soggetti:
Tags: Aggiungi Tag
Nessun Tag, puoi essere il primo ad aggiungerne!!

MARC

LEADER 00000naa a2200000 4500
001 0196831
005 20220715113225.5
041 0 |a eng 
044 |a CZ 
245 1 0 |a <The> Beta-convergence anlysis and regional disparities in EU-28  |c Mihaela Simionescu 
520 |a Analýza beta --konvergencií v Európskej únii (EÚ-28) so zámerom poukázať na regionálne rozdiely v príjmoch. 
610 2 0 |a Európska únia 
610 2 0 |a analýza dát 
610 2 0 |a diferenciácia regionálna 
610 2 0 |a disparita 
610 2 0 |a modely ekonometrické 
610 2 0 |a konvergencia 
100 1 |a Simionescu, Mihaela